000 00403cam a2200181ua 4500
001 4252
008 111221n ii |||gr||||Z||||||asm
040 _cMAIN
082 _a891.4518
100 _aBorpuzari, Dinesh,
245 1 1 _aSuburi
_cby Dinesh Borpuzari
250 _a1st.
260 _aGuwahati:
_bBani Mandir.
300 _a70p:
_c23cm.
653 _aAssamese
653 _aSuburi
942 _cBK
999 _c4073
_d4073